000 00403nam a22001451a 4500
082 _aS 294.592 1
_bDAI/M
100 _aDaivajnananthasutramacharya
_9127000
245 _aMuhurthachintamani/
_cby Daivajnananthasutramacharya
260 _aVaranasi:
_bJyothish,
_c1998.
300 _a224p.
650 _aVedic Literature
_9127001
650 _aHinduism
_9127002
650 _aReligion
_9127003
942 _cBK
999 _c29626
_d29626